000 01349nam a2200349 c 4500
999 _c48989
_d48989
001 48989
003 ES-MaCES
005 20170308132403.0
008 170307s2016 sp 000 | spa d
017 _aM 43586-2016
_bDL
040 _aES-MaCES
_bspa
_cES-MaCES
245 0 0 _aGuía buenas prácticas en ergonomía aplicada a la prevención de riesgos laborales de tipo psicosocial
_c[coord. de la guía, José J. Cañas Delgado ; autores, Elías Alonso López ... et al.]
260 _a[Madrid]
_bSecretaría de Salud Laboral y Medio Ambiente de UGT-CEC
_c[2016]
300 _a284 p.
_bgráf. col.
_c21x24 cm
504 _aBibliografía: p. 267
541 _cGratuito
650 4 _aergonomía
_928325
650 4 _aambiente de trabajo
_929086
650 4 _ariesgo
_929564
650 4 _atensión psicológica
_928344
650 4 _asalud en el trabajo
_928347
650 4 _aseguridad en el trabajo
_928348
650 4 _alegislación del trabajo
_927166
650 4 _aEspaña
_926964
650 4 _arepertorio de recomendaciones prácticas
_929261
653 1 0 _aSalud
700 1 _937890
_aCañas Delgado, José J.
_ecoord.
700 1 _937891
_aAlonso López, Elías
710 2 _aUnión General de Trabajadores de España
_bSecretaría de Salud Laboral y Medio Ambiente
_eed.
_936419
902 _aLIB Libro
942 _2CES
_cBK
_h3.1.